[Event "Ile et Vilaine op"]
[Site "Rennes"]
[Date "2017.07.09"]
[Round "3"]
[White "Sauvaget, Franck"]
[Black "Grego, Pierre"]
[Result "1-0"]
[WhiteElo "2065"]
[BlackElo "1861"]
[PlyCount "92"]
[EventDate "2017.07.08"]
[EventType "swiss"]
[EventRounds "9"]
[EventCountry "FRA"]
[SourceTitle "EXT 2019"]
[Source "ChessBase"]
[SourceDate "2018.10.10"]
[SourceVersion "1"]
[SourceVersionDate "2018.10.10"]
[SourceQuality "1"]

1. d4 d5 2. Nf3 Nf6 3. c4 e6 4. Nc3 Nbd7 5. cxd5 exd5 6. Bf4 c6 7. h3 h6 8. Qc2 Bb4 9. e3 0-0 10. Bd3 Re8 11. 0-0 Qe7 12. Nd2 Nf8 13. Rfe1 Bd6 14. Bxd6 Qxd6 15. a3 Bd7 16. b4 a6 17. Rab1 Ne6 18. a4 b5 19. Nf3 Re7 20. Rec1 Bc8 21. Ne5 Bb7 22. Ne2 Rc8 23. Ng3 Rec7 24. a5 Qf8 25. f4 Nd7 26. Rf1 Nxe5 27. fxe5 Qe7 28. Nf5 Qg5 29. Rf3 Rf8 30. Rg3 Qd8 31. Nxh6+ Kh8 32. Nf5 g6 33. Qe2 Ng5 34. Nd6 Nh7 35. Rf1 Qh4 36. Kh2 Bc8 37. Rf4 Qe7 38. Qf2 Be6 39. Qc2 Rg8 40. Rgf3 Rg7 41. Qc5 Ng5 42. Rh4+ Rh7 43. Rxh7+ Kxh7 44. Rf4 Kg7 45. Qb6 Ra7 46. Qb8 Rd7 1-0

[Event "Schoelcher Martinique op"]
[Site "Schoelcher "]
[Date "2013.04.03"]
[Round "1"]
[White "Grego, Pierre"]
[Black "Djuric, Stefan"]
[Result "1/2-1/2"]
[WhiteElo "1875"]
[BlackElo "2471"]
[PlyCount "114"]
[EventDate "2013.04.03"]
[EventType "swiss"]
[EventRounds "9"]
[EventCountry "MFR"]
[SourceTitle "CBM 153 Extra"]
[Source "ChessBase"]
[SourceDate "2013.04.22"]
[SourceVersion "1"]
[SourceVersionDate "2013.04.22"]
[SourceQuality "1"]

1. e4 c5 2. Nc3 e6 3. g3 d5 4. Bg2 Nf6 5. d3 Nc6 6. Bd2 Be7 7. Nf3 0-0 8. 0-0 h6 9. a3 b6 10. Re1 Bb7 11. Qe2 Nd4 12. Qd1 Nxf3+ 13. Bxf3 d4 14. Ne2 e5 15. Bg2 a5 16. h3 Nd7 17. g4 Bg5 18. Rf1 Re8 19. f4 exf4 20. Nxf4 Ne5 21. b3 a4 22. Be1 axb3 23. cxb3 Ba6 24. Bg3 Rc8 25. Ra2 Bh4 26. Qe1 Bxg3 27. Qxg3 Qd6 28. Rd2 f6 29. Nd5 Bb7 30. Nf4 b5 31. h4 Ra8 32. g5 fxg5 33. hxg5 Rxa3 34. gxh6 Qxh6 35. Bh3 Nf7 36. Rg2 Re5 37. Be6 Qf6 38. Nh5 Qxf1+ 39. Kxf1 Ra1+ 40. Ke2 Ra2+ 41. Kf3 Rxg2 42. Qxg2 g5 43. Bxf7+ Kxf7 44. Qh3 c4 45. bxc4 bxc4 46. Qd7+ Re7 47. Qxd4 cxd3 48. Qf6+ Ke8 49. Qh8+ Kd7 50. Nf6+ Ke6 51. Nd5 Bxd5 52. Qh6+ Kd7 53. exd5 d2 54. Qc6+ Kd8 55. Qc2 g4+ 56. Kxg4 Re4+ 57. Kf3 Rd4 1/2-1/2

[Event "Rennes op 2nd"]
[Site "Rennes"]
[Date "2009.07.16"]
[Round "2"]
[White "Grego, Pierre"]
[Black "Pozuelo, Jose"]
[Result "0-1"]
[WhiteElo "1870"]
[BlackElo "2080"]
[PlyCount "82"]
[EventDate "2009.07.15"]
[EventType "swiss"]
[EventRounds "9"]
[EventCountry "FRA"]
[SourceTitle "EXT 2011"]
[Source "ChessBase"]
[SourceDate "2010.11.26"]
[SourceVersion "1"]
[SourceVersionDate "2010.11.26"]
[SourceQuality "1"]

1. e4 c6 2. Nc3 d5 3. Nf3 dxe4 4. Nxe4 Nf6 5. Nxf6+ exf6 6. Bc4 Be7 7. h3 Nd7 8. d4 b5 9. Bd3 Nb6 10. 0-0 0-0 11. Bf4 Be6 12. Re1 Rc8 13. c3 Qd7 14. Qc2 h6 15. Rad1 Rfe8 16. Bg3 a5 17. b3 Nd5 18. Be4 Bf8 19. c4 Nb4 20. Qb2 bxc4 21. a3 Nd3 22. Bxd3 cxd3 23. Rxd3 Bd5 24. Rxe8 Rxe8 25. Re3 Rxe3 26. fxe3 Qe7 27. Kf2 Qxa3 28. Qxa3 Bxa3 29. Nd2 Bb4 30. e4 Bxd2 31. exd5 cxd5 32. Ke2 Bb4 33. Bc7 Kf8 34. Kd3 Ke7 35. Bf4 f5 36. Bc1 Ke6 37. Be3 g5 38. Ke2 f4 39. Bf2 Kf5 40. Kf3 Bc3 41. g4+ fxg3 0-1

[Event "Angers op 4th"]
[Site "Angers"]
[Date "2009.04.19"]
[Round "5"]
[White "Grego, Pierre"]
[Black "Mahe, Romain"]
[Result "1/2-1/2"]
[WhiteElo "1893"]
[BlackElo "1993"]
[PlyCount "103"]
[EventDate "2009.04.17"]
[EventType "swiss"]
[EventRounds "6"]
[EventCountry "FRA"]
[SourceTitle "CBM 129 Extra"]
[Source "ChessBase"]
[SourceDate "2009.05.05"]
[SourceVersion "2"]
[SourceVersionDate "2009.05.20"]
[SourceQuality "1"]

1. e4 e5 2. Nf3 Nc6 3. Nc3 Nf6 4. Bb5 Bc5 5. 0-0 d6 6. d4 exd4 7. Nxd4 Bd7 8. Bxc6 bxc6 9. Bg5 h6 10. Bh4 0-0 11. Qd3 Rb8 12. Nb3 Bb6 13. Rfe1 Re8 14. Na4 g5 15. Nxb6 Rxb6 16. Bg3 Nh5 17. Qc3 Nxg3 18. hxg3 Rb5 19. Rad1 Rbe5 20. f3 Qe7 21. Nc1 Rc5 22. Qd2 Rb5 23. c4 Rbb8 24. Qd4 c5 25. Qc3 f6 26. Nd3 Qf7 27. b3 Kg7 28. Kf2 Bc6 29. Rd2 h5 30. Nb2 a5 31. Nd1 a4 32. Ne3 axb3 33. axb3 Rb4 34. Ra2 Reb8 35. Ra3 Qg6 36. Rea1 Qf7 37. Rd1 Kg6 38. Nf5 Bd7 39. Ne3 Be6 40. Qc2 Kg7 41. Re1 Qd7 42. Nd5 Bxd5 43. exd5 Re8 44. Rxe8 Qxe8 45. Ra7 Qb8 46. Ra3 Rb7 47. Qd3 Qe8 48. Qe3 Qf7 49. Ra8 Qg6 50. Qe7+ Qf7 51. Qe3 Qg6 52. Qe7+ 1/2-1/2

[Event "Avoine op 23rd"]
[Site "Avoine"]
[Date "2008.07.20"]
[Round "2"]
[White "Grego, Pierre"]
[Black "Laurent, Michel"]
[Result "0-1"]
[WhiteElo "1919"]
[BlackElo "2044"]
[PlyCount "258"]
[EventDate "2008.07.19"]
[EventType "swiss"]
[EventRounds "9"]
[EventCountry "FRA"]
[SourceTitle "CBM 125 Extra"]
[Source "ChessBase"]
[SourceDate "2008.09.01"]
[SourceVersion "1"]
[SourceVersionDate "2008.09.01"]
[SourceQuality "1"]

1. e4 d6 2. d4 Nf6 3. Nc3 g6 4. Nf3 Bg7 5. Be2 0-0 6. 0-0 Bg4 7. h3 Bxf3 8. Bxf3 Nc6 9. Be3 e5 10. d5 Ne7 11. Be2 Kh8 12. Qd2 Nfg8 13. Rae1 h6 14. f4 exf4 15. Bxf4 g5 16. Bg3 Ng6 17. Bh5 N8e7 18. Nd1 Be5 19. Bxe5+ Nxe5 20. Ne3 Kg7 21. Rf2 f6 22. c4 a5 23. b3 b6 24. Ref1 Nd7 25. Nc2 Nc5 26. Qe3 Ng8 27. Nd4 Re8 28. Bxe8 Qxe8 29. Nf5+ Kh7 30. Re2 Qe5 31. Qg3 Re8 32. Qxe5 Rxe5 33. Ng3 Kg6 34. Rf3 h5 35. Rfe3 Nh6 36. Nh1 Nd7 37. Nf2 Re8 38. Nd3 Nf7 39. Kf1 Nfe5 40. Nxe5+ Nxe5 41. Ke1 h4 42. g3 hxg3 43. Rxg3 Rh8 44. Kd2 Rh4 45. Ke3 Kf7 46. Kd2 Ng6 47. Kc3 Ne5 48. Ree3 Rh8 49. a3 Ng6 50. a4 Ne5 51. Rg2 Rh4 52. Rb2 Rf4 53. b4 axb4+ 54. Rxb4 Ke7 55. Rb2 Rf1 56. Kb3 Rc1 57. Rc2 Rb1+ 58. Kc3 Ra1 59. Kb3 Nd7 60. Ra2 Nc5+ 61. Kb2 Rf1 62. Ka3 Kd7 63. Rae2 Rf4 64. Kb4 Kc8 65. a5 bxa5+ 66. Kxa5 Rf1 67. Kb4 Nd7 68. Rc2 Rb1+ 69. Kc3 Rf1 70. Kd3 Nc5+ 71. Kc3 Rf4 72. Rce2 Rf1 73. Kd2 Nd7 74. Re1 Rf4 75. Ke2 Ne5 76. Rc1 Nd7 77. Rf1 Rh4 78. Kd2 Kd8 79. Kd3 Ke7 80. Kc3 Nc5 81. Kd4 Kf7 82. Rf2 Kg6 83. Ra2 f5 84. Ra7 Nxe4 85. Kd3 Nc5+ 86. Kc3 Rh7 87. Ra8 f4 88. Rf3 Rf7 89. Re8 Kf5 90. Kd4 g4 91. hxg4+ Kxg4 92. Rf1 f3 93. Rg8+ Kf4 94. Re8 Nd7 95. Re2 Ne5 96. c5 Re7 97. Ref2 dxc5+ 98. Kc3 Rd7 99. Rd2 Nf7 100. Kc4 Ng5 101. Rdf2 Ke3 102. Rxf3+ Nxf3 103. Kxc5 Ke4 104. Rd1 Rd6 105. Rc1 Ne5 106. Re1+ Kf5 107. Re2 Kf6 108. Rh2 Nf7 109. Re2 Nd8 110. Rh2 Ke7 111. Rh7+ Nf7 112. Kc4 Kf6 113. Kc5 Kg6 114. Rh1 Ng5 115. Re1 Kf5 116. Re7 Ne4+ 117. Kd4 c5+ 118. Kc4 Rd8 119. Rc7 Ke5 120. Re7+ Kf4 121. Re6 Rb8 122. Kd3 Rb3+ 123. Kc2 Rc3+ 124. Kb2 Rd3 125. d6 Rxd6 126. Re7 Ke3 127. Rc7 Kd4 128. Kc2 c4 129. Rc8 Nf6 0-1

[Event "Nantes op 6th"]
[Site "Nantes"]
[Date "2007.12.29"]
[Round "6"]
[White "Huet, Joel"]
[Black "Grego, Pierre"]
[Result "1/2-1/2"]
[WhiteElo "1690"]
[BlackElo "1934"]
[PlyCount "145"]
[EventDate "2007.12.26"]
[EventType "swiss"]
[EventRounds "7"]
[EventCountry "FRA"]
[SourceTitle "CBM 122 Extra"]
[Source "ChessBase"]
[SourceDate "2008.03.04"]
[SourceVersion "1"]
[SourceVersionDate "2008.03.04"]
[SourceQuality "1"]

1. e4 c5 2. Nf3 a6 3. d4 cxd4 4. Nxd4 Nf6 5. Nc3 e5 6. Nb3 Bb4 7. Bg5 h6 8. Bxf6 Qxf6 9. Qd3 0-0 10. a3 Bxc3+ 11. Qxc3 Nc6 12. Be2 d6 13. 0-0 Be6 14. Nd2 d5 15. exd5 Bxd5 16. Qe3 Rfe8 17. Ne4 Qe7 18. Ng3 Qe6 19. f4 exf4 20. Qxf4 Qe3+ 21. Qxe3 Rxe3 22. Rf2 Rae8 23. Rd1 R3e5 24. c3 Na5 25. Bd3 Bb3 26. Rdf1 Re3 27. Bf5 Bc4 28. Rd1 Re1+ 29. Rxe1 Rxe1+ 30. Nf1 Nb3 31. g3 Nd2 32. Bh3 Ne4 33. Rf4 Bd5 34. Bg2 g5 35. Bxe4 Bxe4 36. Rf2 Kg7 37. Rd2 Bc6 38. Kf2 Re5 39. Ne3 f5 40. Nc4 Rd5 41. Rxd5 Bxd5 42. Nd6 Kf6 43. c4 Ke6 44. c5 b6 45. b4 bxc5 46. bxc5 Ke5 47. Ke3 f4+ 48. gxf4+ gxf4+ 49. Kf2 h5 50. Ne8 Kd4 51. Nf6 Bc6 52. Nxh5 f3 53. Nf4 Kxc5 54. Nd3+ Kb5 55. Ne5 Bd5 56. Nxf3 Ka4 57. Nd4 Kxa3 58. Ke3 Kb2 59. Kd2 a5 60. Ne2 Be4 61. h4 Bh7 62. h5 a4 63. h6 a3 64. Nc3 Bg6 65. Na4+ Kb3 66. Nc3 Bh7 67. Ne2 Kc4 68. Nc1 Kb4 69. Na2+ Kb3 70. Nc1+ Kb2 71. Nd3+ Kb1 72. Nb4 Bg6 73. Kc3 1/2-1/2

[Event "Creon op 12th"]
[Site "Creon"]
[Date "2007.08.02"]
[Round "5"]
[White "Mullon, Jean Baptiste"]
[Black "Grego, Pierre"]
[Result "1-0"]
[WhiteElo "2333"]
[BlackElo "1932"]
[PlyCount "45"]
[EventDate "2007.07.30"]
[EventType "swiss"]
[EventRounds "9"]
[EventCountry "FRA"]
[SourceTitle "CBM 119 Extra"]
[Source "ChessBase"]
[SourceDate "2007.09.04"]
[SourceVersion "1"]
[SourceVersionDate "2007.09.04"]
[SourceQuality "1"]

1. d4 Nf6 2. Nf3 d6 3. Nc3 Nbd7 4. e4 e5 5. Bc4 Be7 6. 0-0 0-0 7. Re1 c6 8. a4 b6 9. d5 c5 10. a5 a6 11. axb6 Nxb6 12. Bf1 h6 13. Nd2 Nh7 14. b3 Bg5 15. Bb2 Bxd2 16. Qxd2 Qg5 17. Qxg5 Nxg5 18. Nd1 f6 19. Bc3 Kf7 20. h4 Nh7 21. Ne3 g6 22. Ba5 Nd7 23. Nc4 1-0

[Event "Creon op 12th"]
[Site "Creon"]
[Date "2007.07.30"]
[Round "1"]
[White "Grego, Pierre"]
[Black "Mohota, Nisha"]
[Result "1/2-1/2"]
[WhiteElo "1932"]
[BlackElo "2332"]
[PlyCount "99"]
[EventDate "2007.07.30"]
[EventType "swiss"]
[EventRounds "9"]
[EventCountry "FRA"]
[SourceTitle "CBM 119 Extra"]
[Source "ChessBase"]
[SourceDate "2007.09.04"]
[SourceVersion "1"]
[SourceVersionDate "2007.09.04"]
[SourceQuality "1"]

1. e4 Nf6 2. e5 Nd5 3. Nc3 e6 4. Nf3 d6 5. d4 dxe5 6. Nxd5 Qxd5 7. Nxe5 Bd6 8. Nf3 c5 9. Bb5+ Ke7 10. c4 Qe4+ 11. Qe2 Qxe2+ 12. Kxe2 cxd4 13. Nxd4 Nd7 14. Bxd7 Bxd7 15. Be3 Rac8 16. Rac1 b6 17. h3 e5 18. Nf3 Be6 19. Nd2 Rc6 20. f3 Rhc8 21. b3 Ba3 22. Rc2 Bf5 23. Ne4 a5 24. g4 Bg6 25. Rd1 Bb4 26. Rd5 f6 27. Rc1 Bxe4 28. fxe4 Bc5 29. Rcd1 R6c7 30. a4 g5 31. Bxc5+ bxc5 32. Kd2 h5 33. gxh5 Rh8 34. Kc3 Rxh5 35. R1d3 Rh4 36. Re3 Rc8 37. Kb2 Rf4 38. Kc3 Rf2 39. Kd3 Rg2 40. Kc3 g4 41. hxg4 Rxg4 42. Kc2 Rf4 43. Kd2 Rf2+ 44. Kc3 Rf4 45. Kd2 Ke6 46. Kc2 Rg4 47. Kd3 Rg2 48. Kc3 Rg4 49. Kc2 Rg2+ 50. Kc3 1/2-1/2

[Event "Rochefort op 5th"]
[Site "Rochefort"]
[Date "2006.02.15"]
[Round "6"]
[White "Grego, Pierre"]
[Black "Sandu, Mihaela"]
[Result "0-1"]
[WhiteElo "1961"]
[BlackElo "2157"]
[PlyCount "74"]
[EventDate "2006.02.15"]
[EventType "swiss"]
[EventRounds "9"]
[EventCountry "FRA"]
[SourceTitle "EXT 2007"]
[Source "ChessBase"]
[SourceDate "2006.11.23"]
[SourceVersion "1"]
[SourceVersionDate "2006.11.23"]
[SourceQuality "1"]

1. e4 c5 2. Nc3 Nc6 3. g3 g6 4. Bg2 Bg7 5. d3 d6 6. f4 e6 7. Nf3 Nge7 8. 0-0 Rb8 9. Be3 Nd4 10. e5 Nef5 11. Bf2 0-0 12. Ne4 Nxf3+ 13. Qxf3 dxe5 14. Bxc5 Re8 15. fxe5 Bxe5 16. c3 b6 17. Ba3 Bb7 18. Qe2 h5 19. d4 Bg7 20. Rad1 Qc7 21. Rde1 Rbd8 22. Ng5 Bxg2 23. Qxg2 Bh6 24. Ne4 Kg7 25. Qf3 e5 26. dxe5 Qxe5 27. h3 Rd7 28. g4 hxg4 29. hxg4 Nh4 30. Qf2 f5 31. Nd6 Qxe1 32. Rxe1 Rxe1+ 33. Kh2 Bg5 34. gxf5 Rde7 35. f6+ Bxf6 36. Nf5+ gxf5 37. Bxe7 Be5+ 0-1

[Event "La Fere op 4th"]
[Site "La Fere"]
[Date "2005.07.06"]
[Round "6"]
[White "Slingerland, Fred"]
[Black "Grego, Pierre"]
[Result "1-0"]
[WhiteElo "2259"]
[BlackElo "1913"]
[PlyCount "97"]
[EventDate "2005.07.02"]
[EventType "swiss"]
[EventRounds "9"]
[EventCountry "FRA"]
[SourceTitle "CBM 107 Extra"]
[Source "ChessBase"]
[SourceDate "2005.09.01"]
[SourceVersion "1"]
[SourceVersionDate "2005.09.01"]
[SourceQuality "1"]

1. e4 c6 2. d4 d5 3. Nc3 dxe4 4. Nxe4 Bf5 5. Ng3 Bg6 6. Nf3 Nd7 7. Nh4 e6 8. Nxg6 hxg6 9. c3 Qc7 10. Qf3 Ngf6 11. Bc4 Bd6 12. Bg5 Qa5 13. h4 Qc7 14. 0-0-0 Nd5 15. Kb1 N7f6 16. h5 gxh5 17. Nxh5 Rxh5 18. Rxh5 Nxh5 19. Qxh5 Bf8 20. Rh1 Nf4 21. Qh2 Nd5 22. Bxd5 Qxh2 23. Bxc6+ bxc6 24. Rxh2 f6 25. Be3 a6 26. Kc2 Rb8 27. Rh5 Kd7 28. b3 Rc8 29. Kd3 Be7 30. Rh7 Rg8 31. Bf4 Bd6 32. Bxd6 Kxd6 33. Rh5 f5 34. Ke3 Ke7 35. f3 Kf6 36. Kd3 Ke7 37. Kc4 Kd6 38. a4 Rb8 39. g4 fxg4 40. fxg4 Rb7 41. Rh8 e5 42. dxe5+ Kxe5 43. Ra8 Rb6 44. b4 Ke4 45. a5 Rb5 46. Rxa6 Rg5 47. Rxc6 Rxg4 48. a6 Rg1 49. b5 1-0